Movies Quiz

Random Movies or Director Quiz
Score 0/20 Timer 05:00
0 Plays Today
Movie, Rating Director % Correct
Eyes Wide Shut, 78%Stanley Kubrick
88.4%
Hook, 24%Steven Spielberg
87.1%
Transformers: Revenge of the Fallen, 20%Michael Bay
86.6%
Death Proof, 66%Quentin Tarantino
80%
The Prestige, 75% Christopher Nolan
79.1%
The Da Vinci Code, 25%Ron Howard
76.9%
Planet of the Apes (2001), 43%Tim Burton
74.7%
Piranha Part 2: The Spawning 8%James Cameron
73.9%
The Last Airbender, 6%M. Night Shyamalan
69.9%
The Ladykillers, 55%Joel and Ethan Coen
68.5%
Movie, Rating Director % Correct
Punch Drunk Love, 79%Paul Thomas Anderon
62.4%
A Good Year, 24%Ridley Scott
62.1%
Alien 3, 40%David Fincher
62%
Boxcar Bertha, 45%Martin Scorsese
52.3%
The Fountain, 51%Darren Aronofsky
50.9%
Elizabethtown, 27%Cameron Crowe
49.7%
Mr. and Mrs. Smith (1941), 56%Alfred Hitchcock
43.4%
Jarhead, 61%Sam Mendes
42.6%
What Lies Beneath, 45%Robert Zemeckis
39.3%
The Hand, 14%Oliver Stone
23%
Remove Ads.
Support Sporcle.
Get the best of Sporcle when you Go Orange. This ad-free experience offers more features, more stats, and more fun while also helping to support Sporcle. Thank you for becoming a member.

You're not logged in!

Compare scores with friends on all Sporcle quizzes.
OR
Log In

Show Comments

Extras

Top Quizzes Today


Score Distribution

Your Account Isn't Verified!

In order to create a playlist on Sporcle, you need to verify the email address you used during registration. Go to your Sporcle Settings to finish the process.

Report this User

Report this user for behavior that violates our Community Guidelines.

Details: